Dirección y administración estratégicas (Record no. 46425)
[ view plain ]
| 000 -LEADER | |
|---|---|
| fixed length control field | 01230nam a22002657a 4500 |
| 005 - DATE AND TIME OF LATEST TRANSACTION | |
| control field | 20251028132629.0 |
| 008 - FIXED-LENGTH DATA ELEMENTS--GENERAL INFORMATION | |
| fixed length control field | 131204t mx ||||| |||| 00| 0 spa d |
| 020 ## - INTERNATIONAL STANDARD BOOK NUMBER | |
| International Standard Book Number | 9701016939 |
| 050 04 - LIBRARY OF CONGRESS CALL NUMBER | |
| Classification number | HD30.28 |
| Item number | T46 1998 |
| 100 1# - MAIN ENTRY--PERSONAL NAME | |
| Personal name | Thompson, Arthur A. Jr. |
| Relator term | 1940- |
| 240 1# - UNIFORM TITLE | |
| Uniform title | Strategic management : concepts & cases ; strategy formulation and implementation |
| Language of a work | Español |
| 245 10 - TITLE STATEMENT | |
| Title | Dirección y administración estratégicas |
| Remainder of title | : conceptos, casos y lecturas |
| Statement of responsibility, etc | / Arthur A. Thompson, Jr., A.J. Strickland III ; versión española de Patricia Ibarra Colado y Miguel Ángel Sánchez Carrión ; con la colaboración de Joan María Amat i Salas. |
| 250 ## - EDITION STATEMENT | |
| Edition statement | 1a ed. |
| 260 ## - PUBLICATION, DISTRIBUTION, ETC. (IMPRINT) | |
| Place of publication, distribution, etc | México, D.F. : |
| Name of publisher, distributor, etc | McGraw-Hill Interamericana Editores, |
| Date of publication, distribution, etc | 1998 |
| 300 ## - PHYSICAL DESCRIPTION | |
| Extent | xx, 1034 p. : |
| Other physical details | il. , |
| Dimensions | 26 cm. |
| 500 ## - GENERAL NOTE | |
| General note | Incluye índice |
| 500 ## - GENERAL NOTE | |
| General note | Traducción de la 6a ed. en inglés / a la 1a ed. en español. |
| 650 #7 - SUBJECT ADDED ENTRY--TOPICAL TERM | |
| Source of heading or term | lemb |
| Topical term or geographic name as entry element | Planificación estratégica |
| 650 #7 - SUBJECT ADDED ENTRY--TOPICAL TERM | |
| Source of heading or term | lemb |
| Topical term or geographic name as entry element | Planificación estratégica |
| Form subdivision | Estudio |
| 700 1# - ADDED ENTRY--PERSONAL NAME | |
| Personal name | Strickland III, A.J. |
| Relator term | autor |
| 700 1# - ADDED ENTRY--PERSONAL NAME | |
| Personal name | Ibarra Colado, Patricia |
| Relator term | traductora |
| 700 1# - ADDED ENTRY--PERSONAL NAME | |
| Personal name | Sánchez Carrión, Miguel Ángel |
| Relator term | traductor |
| 700 1# - ADDED ENTRY--PERSONAL NAME | |
| Personal name | Amat i Salas, Joan María |
| Relator term | colaborador |
| 942 ## - ADDED ENTRY ELEMENTS (KOHA) | |
| Source of classification or shelving scheme | Biblioteca del Cogreso de los Estados Unidos |
| Koha item type | Libro |
| Estado de pérdida | Fuente de clasificación | Estado del daño | No para préstamo | Ubicación permanente | Ubicación actual | Apartado o colección | Fecha de adquisición | Fuente de adquisición | Edición | Dependencia de educación superior (DES) | Área del conocimiento | Clasificación | Código de Barras | Date last seen | Número de copia | Costo por reposición | Tipo de recurso | Nota pública |
|---|---|---|---|---|---|---|---|---|---|---|---|---|---|---|---|---|---|---|
| Biblioteca del Cogreso de los Estados Unidos | Uso interno Biblioteca | Biblioteca de la Facultad de Contaduría y Ciencias Administrativas | Biblioteca de la Facultad de Contaduría y Ciencias Administrativas | General | 04/12/2013 | FOMES 2001 | 1a ed. | Ciencias Económico Administrativas | Ciencias Sociales y Administrativas | HD30.28 T46 r1999 | BCCA000001362 | 16/01/2015 | 1 | 450.00 | Libro | imp. 1999 | ||
| Biblioteca del Cogreso de los Estados Unidos | Biblioteca de la Facultad de Contaduría y Ciencias Administrativas | Biblioteca de la Facultad de Contaduría y Ciencias Administrativas | General | 04/12/2013 | FOMES 2001 | 1a ed. | Ciencias Económico Administrativas | Ciencias Sociales y Administrativas | HD30.28 T46 r1999 | BCCA000001365 | 16/01/2015 | 2 | 450.00 | Libro | imp. 1999 | |||
| Biblioteca del Cogreso de los Estados Unidos | Biblioteca de la Facultad de Contaduría y Ciencias Administrativas | Biblioteca de la Facultad de Contaduría y Ciencias Administrativas | General | 04/12/2013 | FOMES 2001 | 1a ed. | Ciencias Económico Administrativas | Ciencias Sociales y Administrativas | HD30.28 T46 r1999 | BCCA000001366 | 16/01/2015 | 3 | 450.00 | Libro | imp. 1999 |